000 00868nam a2200241Ia 4500
003 GCL
008 140319s9999 xx 000 0 ara d
040 _aGCL /
_cGCL
082 0 4 _a613.26
_bز أ
100 1 _aزكى محمد محمد حسن
245 1 0 _aاعتقادات وعادات خاطئة في تغذية الرياضيين /
_cزكى محمد محمد حسن
260 _aالقاهرة :
_bالمكتبة المصرية ،
_c2004
300 _a46 ص ؛
_c24 سم
490 _aالطبية الرياضية
_v0
650 0 4 _aالعناية الصحية
650 0 4 _aالفيتامينات
650 0 4 _aالرياضيون
650 0 4 _aالتغذية الرياضية
650 0 4 _aالتغذية - الجوانب الصحية
650 0 4 _aالرياضيون - تغذية
650 0 4 _aالرياضيون - صحة عامة
942 _2ddc
_cBK
999 _c6184
_d6184